| 000 | 00490pab a2200169 454500 | ||
|---|---|---|---|
| 008 | 180718b2008 xxu||||| |||| 00| 0 eng d | ||
| 100 | _aMohammed, Mostafa Faruque | ||
| 245 | _aImplementation of the land boundary agreement of 1974 between Bangladesh and India: a look back and a way forward | ||
| 260 | _c2008 | ||
| 300 | _ap.99-110. | ||
| 362 | _aOct-Dec | ||
| 650 | _aIndia - Boundaries - Bangladesh | ||
| 650 | _aBoundaries | ||
| 773 | _aDialogue | ||
| 908 | _aN | ||
| 909 | _a80975 | ||
| 999 |
_c80975 _d80975 |
||